Регионална библиотека "Любен Каравелов" - Русе

Философски и литературни възгледи на Белински (Запис номер 424362)

MARC детайли
000 -Лидер
Контролно поле с фиксирана дължина nam a22 a 4500
003 - Код на организацията, давaща контролен номер
Контролно поле BLK
005 - Дата и час на последна редакция
Контролно поле 20210720094338.0
008 - Елементи от данни с фиксирана дължина
fixed length control field 180410b bul|||||r ||||||| ||bul||
040 ## - Източник на каталожния запис
Идентификатор на билиотеката - собственик на записа BLK
041 ## - Код за език
Код за езика на текст/звукозапис или на отделно заглавие Български
Код за езика КДБФ Български
080 ## - УДК
Текстов определител УДК Руска литература
УДК код - определител по УДК 821.161.1
УДК - код + определител 821.161.1.09
УДК определител .09
080 ## - УДК
Текстов определител УДК Руски литературен критик и публицист, философ
УДК код - определител по УДК 929 Белински, Висарион Георгиевич
УДК - код + определител 929 Белински, Висарион Георгиевич
100 1# - Редна дума - Автор
Автор Плеханов, Георгий Валентинович
Авторска отговорност първи автор
R(LIN) 377646
139 ## - Редно поле
Редна дума Плеханов, Георгий Валентинович
245 10 - Сведения за заглавието
Заглавие Философски и литературни възгледи на Белински
Редно поле (дума) Георги Валентинович Плеханов ; прев. Ст. Попова, Г. Бакалов
257 ## - Страна на издаване
Страна на създаване/издаване Русия
260 ## - Област на издателските данни
Година на издаване 1908
9 (RLIN) 216974
Място на издаване, разпространение и проч. Бургас
Име на издателя, разпространителя и проч. книж. Сидер Тодоров
300 ## - Физическа характеристика
Страници 144 с.
Размери/Мащаб 20 см
380 ## - Жанр
Жанр Литературознание
490 ## - СЕРИИ (Колекции)
9 (RLIN) 206569
Име на серия Литературно-научна библиотека
№: серия 4
650 #7 - Допълнително описание по предмет – тема
Основно описание – тема или топоним Белински, Висарион Григориевич
9 (RLIN) 148293
653 ## - Ключова дума – ненормативна
Ключова дума социалистически идеи
653 #7 - Ключова дума – ненормативна
Ключова дума философски проблеми
9 (RLIN) 199337
653 ## - Ключова дума – ненормативна
Ключова дума класова борба
700 1# - Други автори (авторска отговорност)
Лично име Бакалов, Георги Иванов
Автороска отговорност (Описва отношението между автора и произведението) прев. от рус.
9 (RLIN) 370516
700 ## - Други автори (авторска отговорност)
Лично име Попова, Стефана
Автороска отговорност (Описва отношението между автора и произведението) прев. от рус.
9 (RLIN) 376932
700 1# - Други автори (авторска отговорност)
Лично име Плеханов, Георги Валентинович
9 (RLIN) 111171
852 ## - Местоположение
Форматна сигнатура Цб 8.195.3065
856 4# - Електронен адрес и достъп
Електронен формат pdf - файл
856 4# - Електронен адрес и достъп
Електронен формат pdf - файл
999 ## - СИСТЕМНИ КОНТРОЛНИ НОМЕРА
Koha biblionumber 424362
Koha biblioitemnumber 424362
942 ## - АРТИКУЛИ
Вид на библиотечния материал Книги
Скрит в OPAC Не
Периодичен библиозапис Да
944 ## - СЪЗДАВАНЕ И РЕДАКЦИЯ на ЗАПИСА
Създаване/Редакция Създаване
Дата на регистрацията/редакция 2021-07-20
Служител, извършил регистрацията/редакцията ВК
Наличности
Код за отписване Код за изгубен артикул Източник на класификационната схема Код за повреда Коз за рестрикции Код за отдаване Артикулен № Име на библиотеката - собственик Име на библиотеката, в която се намира в момента Статус (Текущо местоположение) Дата на вписване в системата Местоположение - отдел Цена в лева Инвентарен номер Систематично азбучна сигнатура Баркод Цена в евро Служебен тип на артикула
  Не е изгубен Universal Decimal Classification Не е повреден само за читалня ползва се в читалня 843943 Регионална библиотека "Любен Каравелов" Русе Регионална библиотека "Любен Каравелов" Русе Хранилище 2021-07-21 Основен фонд - ползва се само за читалня 0.28 3065 Цб 8.195.3065 900000070503 0.14 Книги
Vip Innovations Ltd, Rousse, Bulgaria 2025